แสดงรายละเอียดบรรณานุกรม
  กลับหน้าหลัก

Brief Record : Get Marc (ISO 2709) : E-mail record : QR code ปิดหน้าต่าง
LEADER 00000nama 2200000uu 4500
001    198841
003     ULIBM
008    040531s2551 th m m a000 0 tha d
041    tha
050    วจ. HV 5283.T5 จ626ก 2551.
100    ^aจุฑาภรณ์ แก้วมงคุณ.
245    ^aการทบทวนองค์ความรู้และการวิเคราะห์ทิศทางการวิจัย การควบคุมเครื่องดื่มแอลกอฮอล์ ในประเทศไทย พ.ศ.2493-2550. / จุฑาภรณ์ แก้วมุงคุณ...[และคนอื่นๆ].
260    ^aกรุงเทพฯ. : ^bศูนย์วิจัยปัญหาสุรา,^c2551.
300    ^a815 หน้า.;^bภาพประกอบ.
600    ^aศูนย์วิจัยปัญหาสุรา.
600 00 ^aกรมสุขภาพ กระทรวงสาธารณสุข.
600 00 ^aสำนักงานกองทุนสนับสนุนการสร้างเสริมสุขภาพ.
650    ^aเครื่องดื่มที่มีแอลกอฮอล์ - - ^xไทย - - ^xการควบคุม - - ^xวิจัย - - ^xรวมเรื่อง .
650  0 ^aเครื่องดื่มที่มีแอลกอฮอล์ - - ^xวิจัย - - ^xรวมเรื่อง.
995    004
999    ^aใช้งานได้ทุกระบบ
รายการนี้ยังไม่มีแท็ก
คุณยังไม่ได้ล็อกอิน คุณสามารถมีกิจกรรมร่วมกับเว็บไซต์ได้ แต่ต้องล็อกอินก่อน ::
  ล็อกอิน
ลำดับที่ ประเภท เลขเรียก สถานที่ สถานะ
1. หนังสือทั่วไป
หนังสือทั่วไป
วจ. HV 5283.T5 จ626ก 2551.  
  
หนังสือทั่วไป On Shelf
  ขอยืม
   [แสดง 1/1 รายการ]

BibComment


ยังไม่เคยถูกคอมเมนท์

คอมเมนท์ทรัพยากรรายการนี้
  คอมเมนท์: การทบทวนองค์ความ..
Bib 198841

 
 
 

 Union Library Management : ULibM
Copyright 2026. All Rights Reserved.
скачать бесплатно без регистрации порно красивый секс HD Sex Hindi sex

xxx gou

xxxx

bfxxx

xxxwww

Секса Видео

xxxx

Секса Видео

detube

geilexxx

C99 Shell

worms shell

blod xxx video
Ebony Coed Rihanna Rimes Takes A Dick In Her Young Twat priyaa indian fuck anal and pusssy hardcore indian women xxx desi hardcore fucking part 1 bengalixxxcouple